<?xml version="1.0" encoding="UTF-8"?>
<record
    xmlns:xsi="http://www.w3.org/2001/XMLSchema-instance"
    xsi:schemaLocation="http://www.loc.gov/MARC21/slim http://www.loc.gov/standards/marcxml/schema/MARC21slim.xsd"
    xmlns="http://www.loc.gov/MARC21/slim">

  <leader>00697nam a22002297a 4500</leader>
  <controlfield tag="001">85335</controlfield>
  <controlfield tag="003">BD-RjUL</controlfield>
  <controlfield tag="005">20250728103854.0</controlfield>
  <controlfield tag="008">250728s1954    us ||||| e||| 00| 0 eng d</controlfield>
  <datafield tag="035" ind1=" " ind2=" ">
    <subfield code="a">(BD-RjUL)85335</subfield>
  </datafield>
  <datafield tag="040" ind1=" " ind2=" ">
    <subfield code="a">BD-RjUL</subfield>
    <subfield code="b">eng</subfield>
    <subfield code="c">BD-RjUL</subfield>
    <subfield code="d">DLC</subfield>
    <subfield code="e">DLC</subfield>
  </datafield>
  <datafield tag="041" ind1=" " ind2=" ">
    <subfield code="a">eng</subfield>
  </datafield>
  <datafield tag="082" ind1=" " ind2=" ">
    <subfield code="2">23</subfield>
    <subfield code="a">920</subfield>
    <subfield code="b">BAN 1954</subfield>
  </datafield>
  <datafield tag="245" ind1=" " ind2=" ">
    <subfield code="a">THE new Century Cyclopedia of Names</subfield>
    <subfield code="c">Edited by, Clarnce L. Barnhart, Wiliam D. Halsey</subfield>
  </datafield>
  <datafield tag="260" ind1=" " ind2=" ">
    <subfield code="a">New York</subfield>
    <subfield code="b">Appleton-Century-Crofts, INC</subfield>
    <subfield code="c">1954</subfield>
  </datafield>
  <datafield tag="300" ind1=" " ind2=" ">
    <subfield code="a">1440 page,</subfield>
    <subfield code="c">24 cm.</subfield>
  </datafield>
  <datafield tag="505" ind1=" " ind2=" ">
    <subfield code="a">Formatted note, V-1,</subfield>
  </datafield>
  <datafield tag="650" ind1=" " ind2=" ">
    <subfield code="a">Cyclopedia</subfield>
    <subfield code="9">16291</subfield>
  </datafield>
  <datafield tag="700" ind1=" " ind2=" ">
    <subfield code="a">Barnhart, Clarnce L, Edited by </subfield>
    <subfield code="9">16292</subfield>
  </datafield>
  <datafield tag="700" ind1=" " ind2=" ">
    <subfield code="a">Halsey, D. Wiliam</subfield>
    <subfield code="9">16293</subfield>
  </datafield>
  <datafield tag="942" ind1=" " ind2=" ">
    <subfield code="2">ddc</subfield>
    <subfield code="c">BK</subfield>
  </datafield>
  <datafield tag="999" ind1=" " ind2=" ">
    <subfield code="c">85335</subfield>
    <subfield code="d">85335</subfield>
  </datafield>
  <datafield tag="952" ind1=" " ind2=" ">
    <subfield code="0">0</subfield>
    <subfield code="1">0</subfield>
    <subfield code="2">ddc</subfield>
    <subfield code="4">0</subfield>
    <subfield code="7">1</subfield>
    <subfield code="a">RUCL</subfield>
    <subfield code="b">RUCL</subfield>
    <subfield code="c">REF</subfield>
    <subfield code="d">1955-06-01</subfield>
    <subfield code="e">American cuncail</subfield>
    <subfield code="l">0</subfield>
    <subfield code="o">R 920 BAN 1954 V-1</subfield>
    <subfield code="r">2025-07-28 00:00:00</subfield>
    <subfield code="t">C-2</subfield>
    <subfield code="w">2025-07-28</subfield>
    <subfield code="y">BK</subfield>
  </datafield>
  <datafield tag="952" ind1=" " ind2=" ">
    <subfield code="0">0</subfield>
    <subfield code="1">0</subfield>
    <subfield code="2">ddc</subfield>
    <subfield code="4">0</subfield>
    <subfield code="7">1</subfield>
    <subfield code="a">RUCL</subfield>
    <subfield code="b">RUCL</subfield>
    <subfield code="c">REF</subfield>
    <subfield code="d">1955-06-01</subfield>
    <subfield code="e">American cuncail</subfield>
    <subfield code="l">0</subfield>
    <subfield code="o">R 920 BAN 1954 V-1</subfield>
    <subfield code="r">2025-07-28 00:00:00</subfield>
    <subfield code="t">C-1</subfield>
    <subfield code="w">2025-07-28</subfield>
    <subfield code="y">BK</subfield>
  </datafield>
  <datafield tag="952" ind1=" " ind2=" ">
    <subfield code="0">0</subfield>
    <subfield code="1">0</subfield>
    <subfield code="2">ddc</subfield>
    <subfield code="4">0</subfield>
    <subfield code="7">1</subfield>
    <subfield code="a">RUCL</subfield>
    <subfield code="b">RUCL</subfield>
    <subfield code="c">REF</subfield>
    <subfield code="d">1955-06-01</subfield>
    <subfield code="e">American cuncail</subfield>
    <subfield code="l">0</subfield>
    <subfield code="o">R 920 BAN 1954 V-3</subfield>
    <subfield code="r">2025-07-28 00:00:00</subfield>
    <subfield code="t">C-2</subfield>
    <subfield code="w">2025-07-28</subfield>
    <subfield code="y">BK</subfield>
  </datafield>
  <datafield tag="952" ind1=" " ind2=" ">
    <subfield code="0">0</subfield>
    <subfield code="1">0</subfield>
    <subfield code="2">ddc</subfield>
    <subfield code="4">0</subfield>
    <subfield code="7">1</subfield>
    <subfield code="a">RUCL</subfield>
    <subfield code="b">RUCL</subfield>
    <subfield code="c">REF</subfield>
    <subfield code="d">1955-06-01</subfield>
    <subfield code="e">American cuncail</subfield>
    <subfield code="l">0</subfield>
    <subfield code="o">R 920 BAN 1954 V-3</subfield>
    <subfield code="r">2025-07-28 00:00:00</subfield>
    <subfield code="t">C-1</subfield>
    <subfield code="w">2025-07-28</subfield>
    <subfield code="y">BK</subfield>
  </datafield>
  <datafield tag="952" ind1=" " ind2=" ">
    <subfield code="0">0</subfield>
    <subfield code="1">0</subfield>
    <subfield code="2">ddc</subfield>
    <subfield code="4">0</subfield>
    <subfield code="7">1</subfield>
    <subfield code="a">RUCL</subfield>
    <subfield code="b">RUCL</subfield>
    <subfield code="c">REF</subfield>
    <subfield code="d">1955-06-01</subfield>
    <subfield code="e">American cuncail</subfield>
    <subfield code="l">0</subfield>
    <subfield code="o">R 920 BAN 1954 V-2</subfield>
    <subfield code="r">2025-07-28 00:00:00</subfield>
    <subfield code="t">C-2</subfield>
    <subfield code="w">2025-07-28</subfield>
    <subfield code="y">BK</subfield>
  </datafield>
  <datafield tag="952" ind1=" " ind2=" ">
    <subfield code="0">0</subfield>
    <subfield code="1">0</subfield>
    <subfield code="2">ddc</subfield>
    <subfield code="4">0</subfield>
    <subfield code="7">1</subfield>
    <subfield code="a">RUCL</subfield>
    <subfield code="b">RUCL</subfield>
    <subfield code="c">REF</subfield>
    <subfield code="d">1955-06-01</subfield>
    <subfield code="e">American cuncail</subfield>
    <subfield code="l">0</subfield>
    <subfield code="o">R 920 BAN 1954 V-2</subfield>
    <subfield code="r">2025-07-28 00:00:00</subfield>
    <subfield code="t">C-1</subfield>
    <subfield code="w">2025-07-28</subfield>
    <subfield code="y">BK</subfield>
  </datafield>
</record>
